Makroekonomické ukazovatele zrkadlom koncoročného finišu Príloha Hospodárskych novín

Makroekonomické výsledky hospodárstva SR v októbri 1995. Ukazovatele menového vývoja. Vývoj na kapitálovom trhu, prehľad objemu burzových obchodov. Prehľad vybraných najobchodovanejších akcií v novembri 1995.

Gespeichert in:
Bibliographische Detailangaben
Format: Buchkapitel
Sprache:Slowakisch
Schlagworte:
Tags: Tag hinzufügen
Keine Tags, Fügen Sie das erste Tag hinzu!

MARC

LEADER 00000naa a2200000 4500
001 r018854
005 20221205101902.7
041 0 |a slo 
044 |a SK 
245 1 0 |a Makroekonomické ukazovatele zrkadlom koncoročného finišu  |b Príloha Hospodárskych novín 
520 |a Makroekonomické výsledky hospodárstva SR v októbri 1995. Ukazovatele menového vývoja. Vývoj na kapitálovom trhu, prehľad objemu burzových obchodov. Prehľad vybraných najobchodovanejších akcií v novembri 1995. 
610 2 0 |a Slovensko 
610 2 0 |a 1994 
610 2 0 |a 1995 
610 2 0 |a makroekonomika 
610 2 0 |a ukazovatele ekonomické 
610 2 0 |a vývoj menový 
610 2 0 |a trh kapitálový 
610 2 0 |a obchody burzové 
610 2 0 |a akcie